Culture Générale - Série 173 - Statistiques

Statistiques générales
  • Ce quiz a été pris 353 fois
  • Le résultat moyen est 5 sur 10
Statistiques - réponses
Question Réponse % Correct
Dans quel fleuve français l'Ain se jette-t-il ? Rhône
92%
Dans quel pays sont immatriculées les voitures portant la lettre L ? Luxembourg
82%
En 1976, dans quel film un boxeur lance-t-il un cri d'amour à Adrian ? Rocky
74%
Dans quelle ville marocaine se trouve la célèbre place Djema'a el-Fna ? Marrakech
67%
Sous le règne de quel souverain Cambronne fut-il nommé général ? Napoléon Ier
44%
En 1989, quel "coeur" est chanté par Philippe Lafontaine ? Coeur de loup
38%
Comment étaient les pieds de la comtesse dans le film de Joseph Mankiewicz ? Nus
38%
Qu'est-ce qui "ne saurait mentir", selon un célèbre proverbe ? Bon sang
26%
Quel fut le dernier Premier ministre socialiste de François Mitterrand ? Pierre Bérégovoy
25%
Quel était le prénom d'Achard, l'auteur de "Patate" ? Marcel
20%
Aucun quiz correspondant
Distribution des résultats
% des personnes avec chaque résultat
Percentile par nombre de réponses
Votre historique - résultats
Vous n’avez pas pris ce quiz